000 00643nam a2200205Ia 4500
003 GCL
008 140319s9999 xx 000 0 ara d
040 _aGCL /
_cGCL
082 0 4 _a812.9
_bن م
100 1 _aنبيل راغب
245 1 0 _aمسرح التحولات الاجتماعية فى الستينات /
_cنبيل راغب
260 _a[S.N] :
_bالهيئة المصرية العامة للكتاب ،
_c1990
300 _a231
490 _a
650 0 4 _aالادب العربى
650 0 4 _aالجوانب الاجتماعية
650 0 4 _aالمسرح العربى
650 0 4 _aتاريخ ونقد
942 _2ddc
_cBK
999 _c30624
_d30624